Louisa; or the cottage on the moor : In two volumes. By Mrs. Helme.

Bibliographic Details
Main Author: Helme, Elizabeth, -1816
Format: eBook
Language:English
Edition:The fifth edition corrected and augmented.
Series:Eighteenth century collections online.
Online Access:Full text online

MARC

Tag First Indicator Second Indicator Subfields
LEADER 00000cam a2200000 4500
001 in00001908260
006 m | d |
007 cr |n||||||||n
008 810811s1789 gw |||| s 00||||eng d
005 20260413205811.7
035 |a (CStRLIN)ESTCT127666 
040 |a Uk-ES  |c Uk-ES  |d CStRLIN  |d Thomson Gale  |d UtOrBLW 
100 1 |a Helme, Elizabeth,  |d -1816. 
245 1 0 |a Louisa; or the cottage on the moor :  |b In two volumes. By Mrs. Helme. 
250 |a The fifth edition corrected and augmented. 
264 3 |a Leipzig :  |b printed for Graef,  |c 1789. 
300 |a 2 unnumbered pages, x, 1 unnumbered page, 4-252p., plate ;  |c 8⁰. 
336 |a text  |b txt  |2 rdacontent 
337 |a computer  |b c  |2 rdamedia 
338 |a online resource  |b cr  |2 rdacarrier 
500 |a Sig. H2 is the divisional titlepage for volume2. 
500 |a Reproduction of original from the British Library. 
510 4 |a English Short Title Catalog,  |c ESTCT127666. 
533 |a Electronic reproduction.  |b Farmington Hills, Mich. :  |c Thomson Gale,  |d 2003.  |n Available via the World Wide Web.  |n Access limited by licensing agreements  |7 s2003 miunns 
500 |a Electronic resource. 
830 0 |a Eighteenth century collections online. 
856 4 0 |u http://proxy.library.tamu.edu/login?url=https://galenet.galegroup.com/servlet/ECCO?c=1&stp=Author&ste=11&af=BN&ae=T127666&tiPG=1&dd=0&dc=flc&docNum=CW112083439&vrsn=1.0&srchtp=a&d4=0.33&n=10&SU=0LRK&locID=txshracd2898  |z Full text online  |t 0 
999 |a MARS 
999 f f |s 1dbc0acd-4e71-3069-99eb-914906326e4a  |i 7af42738-a2b8-378a-84ab-847bcb677423  |t 0 
952 f f |a Texas A&M University  |b College Station  |c Electronic Resources  |s www_evans  |d Available Online  |t 0  |h No information provided 
998 f f |t 0  |l Available Online